Como se preparar para o exame da ordem : (Record no. 1329)

MARC details
000 -LÍDER
Campo Fixo de Controle 01017nam a2200289 a 4500
001 - NÚMERO DE CONTROLE
Campo de Controle 1329
003 - IDENTIFICAÇÃO DO NÚMERO DE CONTROLE
Campo de Controle BR-CuiBMT
005 - DATA E HORA DA ÚLTIMA ATUALIZAÇÃO
Campo de Controle 20231208003900.0
008 - DADOS FIXOS
Dados Fixos 231205s2009 spba 000 0 por d
020 ## - INTERNATIONAL STANDARD BOOK NUMBER
Nº do ISBN 9788530928674
040 ## - AGÊNCIA CATALOGADORA
Código da Agência Catalogadora BR-CuiBMT
Agência que transcreveu o registro BR-CuiBMT
080 ## - Nº DA CLASSIFICAÇÃO DECIMAL UNIVERSAL
Nº edição CDU 2007
Nº Class. CDU 342
Subd. Auxiliar Comum (79.1)
090 ## - NÚMERO DE CHAMADA
Nº classificação 342(079.1)
Cutter O48c
Ano/Edição 7. ed.
100 1# - ENTRADA PRINCIPAL -- AUTOR PESSOAL
Nome pessoal Oliveira, Adriano B. Koenigkam de
245 10 - TÍTULO PRINCIPAL
Título principal Como se preparar para o exame da ordem :
Subtítulo constitucional /
Indicação de responsabilidade Adriano B. Koenigkam de Oliveira e Olavo A. Vianna Alves Ferreira.
250 ## - EDIÇÃO
Edição 7. ed.
260 ## - PUBLICAÇÃO, DISTRIBUIÇÃO, ETC.
Local de publicação São Paulo :
Editora Gen :
-- Método,
Data 2009.
300 1# - DESCRIÇÃO FÍSICA
N. páginas ou volumes 236 p. :
Ilustrações il. ;
Dimensões 22 cm
490 1# - INDICAÇÃO DE SÉRIE
Título da série Série resumo. 1ª fase ;
Volume/designação sequencial da série 9
504 ## - NOTA DE BIBLIOGRAFIA, ETC.
Nota de bibliografia Inclui bibliografia.
590 ## - NOTA LOCAL
Nota local A Biblioteca possui a 2. reimpr. 2009.
650 ## - ASSUNTO TÓPICO
Cabeçalho tópico ou nome geográfico Ordem dos Advogados do Brasil
Subdivisão de forma Exames
Subdivisão geográfica Brasil
650 ## - ASSUNTO TÓPICO
Cabeçalho tópico ou nome geográfico Direito constitucional
Subdivisão geral Problemas, questões, exercícios
Subdivisão geográfica Brasil
700 1# - ENTRADA SECUNDÁRIA -- NOME PESSOAL
Nome pessoal Ferreira, Olavo A. Vianna Alves
830 #0 - ENTRADA SECUNDÁRIA DE SÉRIE -- TÍTULO UNIFORME
Título uniforme Resumo. 1ª fase ;
Nº do volume/designação sequencial da série 9
942 ## - ELEMENTOS DE ENTRADA ADICIONAIS (KOHA)
Fonte de classificação ou esquema de arquivamento Classificação Decimal Universal
Tipo de item do Koha Livros
Holdings
Estado: removido Estado: perdido Fonte de classificação ou esquema de arquivamento Estado: danificado Indisponível para empréstimo Localização permanente Localização atual Data de aquisição Total Checkouts Número de Chamada completo Código de barras Date last seen Número do exemplar Preço efetivo a partir de Tipo de item (Koha) Nota pública
    Classificação Decimal Universal     Biblioteca da Escola Superior de Contas do TCE/MT Biblioteca da Escola Superior de Contas do TCE/MT 05/12/2023   342(079.1) O48c 7. ed. BIBTCEMT23120174 05/12/2023 Ex. 1 05/12/2023 Livros 2. reimpr. 2009

Powered by Koha